Geboren in Herne - Statistiken

Allgemein
  • Dieses Quiz wurde 20 mal gespielt
  • Das Durchschnittsergebnis liegt bei 2 aus 6
Antwortstatistiken
Hinweis Antwort % Korrekt
Fernsehmoderator und ehemaliger Eiskunstläufer, "Aktenzeichen XY...ungelöst" und Sportübertragungen 1958 Rudi Cerne
74%
ehemaliger türkischer Fußballnationalspieler (Bochum, Leverkusen und Hertha BSC) 1978 Yildiray Bastürk
47%
Schlagersängerin, "Und dabei liebe ich euch beide" 1967 Andrea Jürgens
26%
Vorstandsvorsitzender der Lufthansa 1966 Carsten Spohr
16%
Schauspieler, bekannt als Frank Steier aus dem Frankfurter "Tatort" 1957 Joachim Król
5%
Schauspielerin, bekannt für ihre Rolle als Sabine Buhrer in "Stromberg" 1977 Maja Beckmann
0%
Keine übereinstimmenden Quizze gefunden
Verteilung der Resultate
Anzahl Personen mit jedem Resultat
Perzentil nach korrekt beantworteten Fragen
Ihre Resultats-Entwicklung
Sie haben dieses Quiz noch nicht gespielt